| 000 | 00637nam a2200253Ia 4500 | ||
|---|---|---|---|
| 008 | 160303s9999 xx 000 0 und d | ||
| 050 | _aFIL KPM 2832 | ||
| 050 | _b.B35 2003 | ||
| 100 | _aBallada, Susan. | ||
| 245 | _aIncome taxation : | ||
| 245 | _bmade easy / | ||
| 245 | _cSusan Ballada, edied by Win Lu Ballada. | ||
| 250 | _a5th Edition | ||
| 260 | _aManila: | ||
| 260 | _b[s.n.] : | ||
| 260 | _c2003 | ||
| 300 | _a398 pages : | ||
| 300 | _billustrations ; | ||
| 300 | _c25 cm. | ||
| 650 | _aIncome tax -- | ||
| 650 | _aTaxation -- | ||
| 650 | _xLaw and legislation -- Philippines. | ||
| 650 | _xPhilippines. | ||
| 999 |
_c291353 _d291353 |
||